[Event "SVG Plettenberg 1 - SG Porz 2"]
[Site "Oberliga NRW 2015/2016"]
[Date "2016.03.06"]
[Round "7.4"]
[White "Bouaraba, Max"]
[Black "Gallinnis, Norbert"]
[Result "1-0"]
[WhiteElo "2197"]
[BlackElo "2212"]
[PlyCount "63"]
[EventDate "2016.??.??"]
[WhiteTeam "SVG Plettenberg 1"]
[BlackTeam "SG Porz 2"]

1. d4 Nf6 2. Bf4 g6 3. e3 Bg7 4. c4 O-O 5. Nc3 d6 6. h3 c6 7. Nf3 e6 8. Be2 Qe7
9. O-O Nbd7 10. b4 e5 11. Bh2 Ne8 12. b5 Nb6 13. a4 a5 14. bxa6 bxa6 15. a5 Nd7
16. Qa4 Bb7 17. Rab1 Ra7 18. Qa3 e4 19. Nd2 f5 20. Na4 g5 21. Bh5 Ndf6 22. Bxe8
Nxe8 23. c5 d5 24. Bb8 Ra8 25. Bd6 Nxd6 26. cxd6 Qf7 27. d7 Ra7 28. Qd6 Bf6 29.
Qc7 Bd8 30. Qb8 Bb6 31. axb6 Rxb8 32. bxa7 1-0

[Event "SVG Plettenberg 1 - SG Porz 2"]
[Site "Oberliga NRW 2015/2016"]
[Date "2016.03.06"]
[Round "7.5"]
[White "Wagenknecht, Uwe"]
[Black "Schulze, Marc"]
[Result "1/2-1/2"]
[WhiteElo "2161"]
[BlackElo "2103"]
[PlyCount "66"]
[EventDate "2016.??.??"]
[WhiteTeam "SG Porz 2"]
[BlackTeam "SVG Plettenberg 1"]

1. Nf3 c5 2. c4 Nc6 3. g3 g6 4. Bg2 Bg7 5. Nc3 Nf6 6. O-O O-O 7. d4 d6 8. dxc5
dxc5 9. Be3 Qa5 10. Qa4 Qxa4 11. Nxa4 b6 12. Rfd1 Bb7 13. Ne5 Nxe5 14. Bxb7
Rab8 15. Ba6 Ne4 16. f3 Nd6 17. Rac1 Ndxc4 18. Bxc4 Nxc4 19. Rxc4 b5 20. Rxc5
bxa4 21. b3 axb3 22. axb3 Rxb3 23. Kf2 Rb7 24. Rdc1 e6 25. R1c4 f5 26. Ra5 Ra8
27. Rca4 Kf7 28. Rxa7 Raxa7 29. Rxa7 Rxa7 30. Bxa7 e5 31. e4 Ke6 32. Be3 Bf6
33. Ke2 fxe4 1/2-1/2

[Event "SVG Plettenberg 1 - SG Porz 2"]
[Site "Oberliga NRW 2015/2016"]
[Date "2016.03.06"]
[Round "7.6"]
[White "Noelke, Manfred"]
[Black "Liard, Thibaud"]
[Result "0-1"]
[WhiteElo "1924"]
[BlackElo "2128"]
[Annotator "Hausrath,Daniel"]
[PlyCount "112"]
[EventDate "2016.??.??"]
[WhiteTeam "SVG Plettenberg 1"]
[BlackTeam "SG Porz 2"]

1. d4 Nf6 2. Nf3 g6 3. c4 Bg7 4. Nc3 d5 5. Bf4 O-O 6. e3 c6 7. Be2 b6 8. O-O
Bb7 9. Rc1 Nbd7 10. cxd5 Nxd5 11. Nxd5 cxd5 12. Bc7 Qe8 13. Bb5 a6 14. Bxd7
Qxd7 15. Bxb6 Rac8 16. Bc5 f6 17. Qb3 g5 18. Rc3 g4 19. Nd2 f5 20. Rfc1 Rf6 21.
Qb4 Bf8 22. Bb6 Rxc3 23. Rxc3 Bc6 24. Qa5 Bb5 25. Nb3 f4 26. exf4 $11 Qe6 27.
Rg3 Qxb6 28. Rxg4+ Bg7 29. Qd2 Qe6 30. h3 Rg6 31. Rxg6 hxg6 32. Qe3 Qf6 33. Qe5
Qxe5 34. fxe5 Bc4 35. f4 Bxb3 36. axb3 Bh6 37. g3 g5 38. fxg5 Bxg5 39. Kf2 Bc1
40. g4 Bxb2 41. Ke3 Bc1+ 42. Kf3 Bg5 43. Ke2 Kf7 44. Kd3 Kg6 45. Kc3 Be3 46. h4
Bf2 47. h5+ Kg5 48. Kd3 Bg1 49. Kc3 Be3 50. Kd3 Bc1 51. Kc3 Kxg4 52. Kb4 Kf5
53. Ka5 Ke4 54. Kxa6 Kxd4 55. b4 Kxe5 56. b5 Be3 0-1

[Event "SVG Plettenberg 1 - SG Porz 2"]
[Site "Oberliga NRW 2015/2016"]
[Date "2016.03.06"]
[Round "7.7"]
[White "Sabirov, Ramil"]
[Black "Jansen, Dirk Norbert"]
[Result "1/2-1/2"]
[WhiteElo "2053"]
[BlackElo "2110"]
[PlyCount "81"]
[EventDate "2016.??.??"]
[WhiteTeam "SG Porz 2"]
[BlackTeam "SVG Plettenberg 1"]

1. e4 e6 2. Qe2 Be7 3. Nf3 d5 4. d3 Nf6 5. g3 O-O 6. Bg2 c5 7. O-O Nc6 8. e5
Nd7 9. c4 d4 10. h4 Rb8 11. Bf4 b5 12. Ng5 Bxg5 13. hxg5 Qc7 14. Na3 a6 15.
Rfe1 b4 16. Nb1 Bb7 17. Nd2 Kh8 18. Be4 g6 19. Nf3 Kg7 20. Nh2 Rh8 21. Ng4 Kf8
22. Bd2 Ke7 23. f4 a5 24. Kf2 h5 25. gxh6 Rh7 26. Rh1 Rbh8 27. Rh2 Kd8 28. Qf3
Kc8 29. Rah1 Ne7 30. Bxb7+ Qxb7 31. Qxb7+ Kxb7 32. Kf3 Nf5 33. Nf6 Nxf6 34.
exf6 Kc6 35. g4 Nd6 36. g5 a4 37. Re2 Ra8 38. Re5 a3 39. b3 Rb8 40. Rhe1 Rhh8
41. Rh1 1/2-1/2

[Event "SVG Plettenberg 1 - SG Porz 2"]
[Site "Oberliga NRW 2015/2016"]
[Date "2016.03.06"]
[Round "7.8"]
[White "Maniocha, Marek"]
[Black "Thiemonds, Uli"]
[Result "0-1"]
[WhiteElo "1925"]
[BlackElo "2034"]
[PlyCount "114"]
[EventDate "2016.??.??"]
[WhiteTeam "SVG Plettenberg 1"]
[BlackTeam "SG Porz 2"]

1. e4 e6 2. d4 d5 3. Nc3 Bb4 4. exd5 exd5 5. Bd3 Ne7 6. Nf3 O-O 7. O-O c6 8.
Ne2 h6 9. Ng3 Nd7 10. c3 Bd6 11. Re1 Nf6 12. Ne5 Nh7 13. Bc2 f5 14. Qd3 Ng5 15.
f3 f4 16. Ne2 Bf5 17. Qd1 Ne6 18. Bd3 Bxe5 19. dxe5 Qb6+ 20. Kh1 g5 21. Nd4
Nxd4 22. cxd4 Qxd4 23. Bxf5 Nxf5 24. Qe2 Rae8 25. Bd2 Re6 26. Bc3 Qb6 27. Rad1
Ne3 28. Bd4 Qa6 29. Qxa6 bxa6 30. Bxe3 fxe3 31. Rxe3 Rf5 32. Rde1 Rf4 33. g3
Rc4 34. R1e2 Kf7 35. Kg2 Kg6 36. g4 d4 37. Re4 c5 38. h4 Rc1 39. h5+ Kg7 40.
Rd2 a5 41. Kf2 Kf7 42. Ke2 Rb6 43. Kd3 Ke6 44. Rc2 Rxc2 45. Kxc2 Kd5 46. Re2
Re6 47. Rf2 Kxe5 48. Re2+ Kd5 49. Rf2 c4 50. f4 gxf4 51. Rxf4 Re2+ 52. Kd1 Rxb2
53. Rf5+ Ke4 54. Rxa5 Kd3 55. Ke1 c3 56. g5 Rb1+ 57. Kf2 c2 0-1

[Event "SV Letmathe 1 - Klub Kölner SF 1"]
[Site "Oberliga NRW 2015/2016"]
[Date "2016.03.06"]
[Round "7.1"]
[White "Tugui, Adrian"]
[Black "Podzielny, Karl-Heinz"]
[Result "1-0"]
[WhiteElo "2359"]
[BlackElo "2330"]
[PlyCount "83"]
[EventDate "2016.??.??"]
[WhiteTeam "Klub Kölner SF 1"]
[BlackTeam "SV Letmathe 1"]

1. d4 Nf6 2. Bg5 c5 3. Bxf6 gxf6 4. d5 Qb6 5. Qc1 f5 6. c4 Bg7 7. Nc3 Qb4 8. e3
b5 9. Nf3 bxc4 10. a3 Qa5 11. Nd2 Ba6 12. Bxc4 d6 13. O-O Nd7 14. Qc2 Rb8 15.
Rab1 Bxc4 16. Nxc4 Qa6 17. Ne2 Ne5 18. Nxe5 Bxe5 19. Ng3 Qb7 20. f4 Bf6 21. b4
Qxd5 22. bxc5 O-O 23. cxd6 Qxd6 24. Qxf5 Qxa3 25. e4 Rxb1 26. Rxb1 Bd4+ 27. Kh1
e6 28. Qh5 Rc8 29. Rf1 Qc5 30. e5 Qe7 31. Rd1 Bb2 32. Ne4 f5 33. Nf6+ Kh8 34.
h3 Rc1 35. Kh2 Rxd1 36. Qxd1 Qc7 37. Nh5 Ba3 38. Qb3 Qe7 39. Qb8+ Qf8 40. Qxa7
Be7 41. Qd7 Qf7 42. Nf6 1-0

[Event "SV Letmathe 1 - Klub Kölner SF 1"]
[Site "Oberliga NRW 2015/2016"]
[Date "2016.03.06"]
[Round "7.2"]
[White "Adamski, Jan"]
[Black "Morawietz, Dieter"]
[Result "1/2-1/2"]
[WhiteElo "2267"]
[BlackElo "2369"]
[PlyCount "97"]
[EventDate "2016.??.??"]
[WhiteTeam "SV Letmathe 1"]
[BlackTeam "Klub Kölner SF 1"]

1. Nf3 c5 2. c4 Nc6 3. Nc3 Nd4 4. Ng1 e6 5. e3 Nc6 6. Nf3 Nf6 7. a3 d5 8. d4 a6
9. cxd5 exd5 10. dxc5 Bxc5 11. b4 Ba7 12. Bb2 O-O 13. Be2 Re8 14. O-O Bg4 15.
b5 Na5 16. bxa6 bxa6 17. Na4 Ne4 18. Bd4 Bxf3 19. Bxf3 Bxd4 20. exd4 Nc4 21.
Re1 Qd6 22. Nc5 Ned2 23. Rxe8+ Rxe8 24. Be2 Qf4 25. Nxa6 Qxd4 26. Bf1 Ne3 27.
fxe3 Qxe3+ 28. Kh1 Ne4 29. Ra2 Nf2+ 30. Rxf2 Qxf2 31. Qf3 Qxf3 32. gxf3 Re3 33.
Kg2 Rxa3 34. Nb4 d4 35. Kg3 g6 36. Nc2 Ra4 37. Bb5 Ra2 38. Nxd4 Rb2 39. Bf1 Kg7
40. h4 Kf6 41. Ne2 Ke5 42. Kf2 f5 43. Kg3 Rb4 44. Bg2 f4+ 45. Kf2 Rb1 46. Bf1
Rb2 47. Bh3 Kf6 48. Bd7 Ke5 49. Bh3 1/2-1/2

[Event "SV Letmathe 1 - Klub Kölner SF 1"]
[Site "Oberliga NRW 2015/2016"]
[Date "2016.03.06"]
[Round "7.3"]
[White "Wacker, Peter"]
[Black "Schleining, Zoya"]
[Result "1/2-1/2"]
[WhiteElo "2271"]
[BlackElo "2270"]
[PlyCount "150"]
[EventDate "2016.??.??"]
[WhiteTeam "Klub Kölner SF 1"]
[BlackTeam "SV Letmathe 1"]

1. e4 c5 2. Nf3 e6 3. d4 cxd4 4. Nxd4 Nc6 5. Nc3 Qc7 6. g3 a6 7. Bg2 d6 8. O-O
Bd7 9. Nxc6 Bxc6 10. a4 Nf6 11. a5 Be7 12. Be3 Rc8 13. Re1 O-O 14. Qe2 Nd7 15.
Red1 Rfe8 16. Rd2 Bf6 17. Bd4 Bxd4 18. Rxd4 b5 19. axb6 Qxb6 20. Qd2 Qxb2 21.
Ra2 Qb6 22. Rxd6 Ne5 23. Qd4 Qxd4 24. Rxd4 Bb7 25. Rb4 Re7 26. Nd1 g5 27. Ne3
g4 28. Kf1 Rc5 29. h3 h5 30. hxg4 hxg4 31. Ke1 Rec7 32. Bf1 a5 33. Rba4 Nc6 34.
Ra1 Nb4 35. Bd3 Nxd3+ 36. cxd3 Rd7 37. Rxa5 Rxa5 38. Rxa5 Rxd3 39. Nxg4 Kf8 40.
Ra4 Rb3 41. Rc4 Kg7 42. Ne5 Rb5 43. Nd3 Rb1+ 44. Kd2 Ba6 45. Rc3 Bxd3 46. Kxd3
e5 47. Rc5 f6 48. f4 Rg1 49. fxe5 fxe5 50. Rxe5 Rxg3+ 51. Kd4 Kf6 52. Ra5 Rg1
53. Ra6+ Ke7 54. Kd5 Re1 55. Ke5 Re2 56. Ra7+ Kf8 57. Kf5 Rb2 58. Rd7 Rb6 59.
Ke5 Ra6 60. Rd6 Ra4 61. Rb6 Ke7 62. Rb7+ Ke8 63. Rb6 Ke7 64. Kf5 Kf7 65. e5 Ra7
66. Rh6 Kg7 67. Rh2 Ra6 68. Rb2 Kf7 69. Rb7+ Ke8 70. Rc7 Rb6 71. Ra7 Rc6 72.
Ke4 Rb6 73. Kd5 Rb5+ 74. Kd6 Rb6+ 75. Kc5 Rb1 1/2-1/2

[Event "SV Letmathe 1 - Klub Kölner SF 1"]
[Site "Oberliga NRW 2015/2016"]
[Date "2016.03.06"]
[Round "7.4"]
[White "Soukup, Jiri"]
[Black "Helbig, Mark"]
[Result "0-1"]
[WhiteElo "2308"]
[BlackElo "2268"]
[PlyCount "76"]
[EventDate "2016.??.??"]
[WhiteTeam "SV Letmathe 1"]
[BlackTeam "Klub Kölner SF 1"]

1. e4 c6 2. d4 d5 3. e5 Bf5 4. h4 h5 5. Bd3 Bxd3 6. Qxd3 e6 7. Bg5 Qa5+ 8. Nd2
Qa6 9. Qe3 Ne7 10. Ne2 Nf5 11. Qc3 Nd7 12. Ng3 Nxg3 13. Qxg3 c5 14. Qf4 cxd4
15. Rh3 f6 16. exf6 gxf6 17. Bxf6 e5 18. Bxe5 Qe6 19. Nf3 Bd6 20. Kf1 Nxe5 21.
Re1 O-O-O 22. Nxe5 Rhe8 23. Qxd4 Bxe5 24. Qxa7 Qc6 25. Rd3 d4 26. Qa8+ Bb8 27.
Qa5 Rxe1+ 28. Qxe1 Rg8 29. Rf3 Re8 30. Qd1 Qb5+ 31. Rd3 Qe5 32. g3 Qf5 33. Kg2
Rf8 34. Qf3 Qc5 35. Qe4 Be5 36. b4 Qxc2 37. Qd5 Qxf2+ 38. Kh3 Qf1+ 0-1

[Event "SV Letmathe 1 - Klub Kölner SF 1"]
[Site "Oberliga NRW 2015/2016"]
[Date "2016.03.06"]
[Round "7.5"]
[White "Ludwig, Peter"]
[Black "Gruermann, Martin"]
[Result "1/2-1/2"]
[WhiteElo "2166"]
[BlackElo "2128"]
[PlyCount "133"]
[EventDate "2016.??.??"]
[WhiteTeam "Klub Kölner SF 1"]
[BlackTeam "SV Letmathe 1"]

1. Nf3 c5 2. c4 g6 3. e3 Nf6 4. d4 Bg7 5. d5 d6 6. Be2 e6 7. O-O exd5 8. cxd5
O-O 9. Nc3 Re8 10. Nd2 b6 11. Nc4 Bb7 12. f3 Na6 13. e4 Nc7 14. a4 Ba6 15. Be3
Qe7 16. Qd2 Nd7 17. Rfe1 Ne5 18. b3 Nxc4 19. bxc4 f5 20. Bd3 fxe4 21. Nxe4 Qf8
22. Rad1 Rad8 23. Bg5 Rd7 24. Re2 h6 25. Bf4 g5 26. Bg3 Bd4+ 27. Kh1 Be5 28.
Rde1 Rdd8 29. Nf2 Bxg3 30. hxg3 Rxe2 31. Rxe2 Re8 32. Ng4 Bc8 33. Ne3 Qf6 34.
Be4 Bd7 35. Kh2 Re7 36. Qb2 Kg7 37. g4 Qxb2 38. Rxb2 Kf6 39. a5 bxa5 40. Rb7
Bc8 41. Rxa7 Na6 42. Ra8 Rc7 43. Bf5 Bb7 44. Rh8 Ke5 45. Nc2 Re7 46. Rxh6 Nb4
47. Na3 Ba6 48. Kg3 Kd4 49. Rxd6 Bxc4 50. Rd8 Bxd5 51. Be4 a4 52. Nc2+ Ke5 53.
Bxd5 Nxc2 54. Be4 Nb4 55. Ra8 Re6 56. Rxa4 Ra6 57. Rxa6 Nxa6 58. Kf2 Kd4 59. g3
c4 60. Bf5 Nb4 61. Ke2 c3 62. f4 c2 63. Kd2 gxf4 64. gxf4 Nd5 65. Bxc2 Nxf4 66.
Bb1 Nd5 67. Ba2 1/2-1/2

[Event "SV Letmathe 1 - Klub Kölner SF 1"]
[Site "Oberliga NRW 2015/2016"]
[Date "2016.03.06"]
[Round "7.6"]
[White "Haude, Ruediger"]
[Black "Bonnmann, Reinhard"]
[Result "1/2-1/2"]
[WhiteElo "2035"]
[BlackElo "2237"]
[PlyCount "39"]
[EventDate "2016.??.??"]
[WhiteTeam "SV Letmathe 1"]
[BlackTeam "Klub Kölner SF 1"]

1. Nf3 g6 2. c4 Bg7 3. Nc3 Nf6 4. e4 d6 5. d4 O-O 6. h3 c5 7. d5 b5 8. cxb5 a6
9. b6 Qxb6 10. Be2 e6 11. O-O exd5 12. exd5 Nbd7 13. a4 Re8 14. a5 Qd8 15. Bd3
Rb8 16. Qc2 Rb4 17. Na2 Rb8 18. Nc3 Rb4 19. Na2 Rb8 20. Nc3 1/2-1/2

[Event "SV Letmathe 1 - Klub Kölner SF 1"]
[Site "Oberliga NRW 2015/2016"]
[Date "2016.03.06"]
[Round "7.7"]
[White "Wisskirchen, Andreas"]
[Black "Pfleger, Sascha"]
[Result "1-0"]
[WhiteElo "2188"]
[BlackElo "1985"]
[PlyCount "83"]
[EventDate "2016.??.??"]
[WhiteTeam "Klub Kölner SF 1"]
[BlackTeam "SV Letmathe 1"]

1. d4 Nf6 2. Nf3 c5 3. e3 b6 4. c4 e6 5. Nc3 cxd4 6. exd4 Bb4 7. Qb3 Be7 8. Be2
Bb7 9. O-O Ne4 10. Nxe4 Bxe4 11. d5 O-O 12. Bf4 Re8 13. Nd2 exd5 14. cxd5 Bc5
15. Nxe4 Rxe4 16. Qf3 Re8 17. Rae1 d6 18. Bb5 Rxe1 19. Rxe1 Nd7 20. Qg3 Nf8 21.
Re8 Qxe8 22. Bxe8 Rxe8 23. h4 Re1+ 24. Kh2 Rd1 25. Bxd6 Rxd5 26. Bxc5 Rxc5 27.
b4 Rd5 28. Qb8 Rd7 29. h5 h6 30. f4 g6 31. Kg3 gxh5 32. a4 Kg7 33. Qe5+ Kg8 34.
f5 Nh7 35. Qe8+ Nf8 36. Qb8 Rd4 37. a5 Rxb4 38. a6 Rg4+ 39. Kh2 b5 40. Qxa7 Ra4
41. Qb7 Nd7 42. Qxd7 1-0

[Event "SV Letmathe 1 - Klub Kölner SF 1"]
[Site "Oberliga NRW 2015/2016"]
[Date "2016.03.06"]
[Round "7.8"]
[White "Tomiczny, Darius"]
[Black "Meertens, Martin"]
[Result "1/2-1/2"]
[WhiteElo "1897"]
[BlackElo "2086"]
[PlyCount "35"]
[EventDate "2016.??.??"]
[WhiteTeam "SV Letmathe 1"]
[BlackTeam "Klub Kölner SF 1"]

1. Nf3 d5 2. g3 g6 3. Bg2 Bg7 4. O-O Nf6 5. d3 O-O 6. Nbd2 c6 7. e4 Bg4 8. h3
Bxf3 9. Qxf3 Nbd7 10. Qe2 e5 11. Kh2 Qc7 12. b3 Rfe8 13. Bb2 Rad8 14. Rad1 a5
15. a3 Nc5 16. Rfe1 d4 17. h4 a4 18. Rc1 1/2-1/2

[Event "Düsseldorfer SK 1 - SK Münster 1"]
[Site "Oberliga NRW 2015/2016"]
[Date "2016.03.06"]
[Round "7.1"]
[White "Muschik, Benedikt"]
[Black "Coenen, Michael"]
[Result "0-1"]
[WhiteElo "2283"]
[BlackElo "2383"]
[PlyCount "90"]
[EventDate "2016.??.??"]
[WhiteTeam "SK Münster 1"]
[BlackTeam "Düsseldorfer SK 1"]

1. d4 c5 2. dxc5 e6 3. Nc3 Nf6 4. e4 Qa5 5. Bd2 Qxc5 6. Bd3 d6 7. Qe2 a6 8. Nf3
Nbd7 9. h3 Be7 10. g4 Ne5 11. Nxe5 dxe5 12. O-O-O b5 13. Be3 Qc7 14. Rhf1 Bb7
15. g5 Nd7 16. f4 b4 17. Nb1 exf4 18. Bxf4 e5 19. Be3 O-O 20. Nd2 Nc5 21. Bc4
Rac8 22. Bxc5 Qxc5 23. h4 a5 24. Kb1 a4 25. Rxf7 Rxf7 26. Rf1 Kh8 27. Rxf7 Rd8
28. Bd3 Bc8 29. Qf2 Qc7 30. h5 Be6 31. h6 Bxf7 32. Qxf7 gxh6 33. gxh6 Rg8 34.
Nf3 Qd6 35. Kc1 Qxh6+ 36. Kd1 Qh1+ 37. Ne1 Bh4 38. Qf1 Qxf1 39. Bxf1 Bxe1 40.
Kxe1 Kg7 41. a3 Rb8 42. Kd2 bxa3 43. bxa3 Rb1 44. Bh3 Ra1 45. Bd7 Rxa3 0-1

[Event "Düsseldorfer SK 1 - SK Münster 1"]
[Site "Oberliga NRW 2015/2016"]
[Date "2016.03.06"]
[Round "7.2"]
[White "Stark, Lars"]
[Black "Webb, Laurence"]
[Result "1/2-1/2"]
[WhiteElo "2355"]
[BlackElo "2243"]
[PlyCount "53"]
[EventDate "2016.??.??"]
[WhiteTeam "Düsseldorfer SK 1"]
[BlackTeam "SK Münster 1"]

1. c4 e5 2. g3 Nc6 3. Bg2 f5 4. Nc3 Nf6 5. a3 g6 6. d3 Bg7 7. e3 O-O 8. Nge2 d6
9. O-O a5 10. Bd2 Be6 11. Nd5 Kh8 12. Nec3 Qd7 13. Rc1 Qf7 14. f4 exf4 15. gxf4
Rfe8 16. Rc2 Rac8 17. Bc1 Bxd5 18. Nxd5 Nxd5 19. Bxd5 Qe7 20. Qf3 Qd7 21. Kh1
Rb8 22. Rg2 Ne7 23. Qh3 Nxd5 24. cxd5 Qf7 25. Qf3 Qd7 26. Qh3 Qf7 27. Qf3
1/2-1/2

[Event "Düsseldorfer SK 1 - SK Münster 1"]
[Site "Oberliga NRW 2015/2016"]
[Date "2016.03.06"]
[Round "7.3"]
[White "Wolter, Kai"]
[Black "de Gleria, Francesco"]
[Result "0-1"]
[WhiteElo "2249"]
[BlackElo "2346"]
[Annotator "Hausrath,Daniel"]
[PlyCount "80"]
[EventDate "2016.??.??"]
[WhiteTeam "SK Münster 1"]
[BlackTeam "Düsseldorfer SK 1"]

1. e4 c5 2. Nf3 d6 3. d4 cxd4 4. Nxd4 Nf6 5. Nc3 a6 6. Be2 e5 7. Nb3 Be7 8. O-O
O-O 9. Kh1 a5 10. a4 Nc6 11. f4 Nb4 12. Be3 Be6 13. Nd2 exf4 14. Bxf4 Rc8 15.
Rc1 Qb6 16. Nb5 Na6 17. c3 Nc5 18. Be3 Qd8 19. Qc2 d5 20. e5 Ng4 21. Bd4 Qd7
22. Ra1 $11 b6 23. Qd1 f6 24. exf6 Bxf6 25. Bg1 Ne5 26. Nd4 Bf7 27. N2f3 Nc4
28. b3 Nd6 29. Rc1 Nce4 30. Qe1 Rfe8 31. Nb5 Nf5 32. Bxb6 Neg3+ 33. hxg3 Rxe2
34. Qd1 Nxg3+ 35. Kg1 Rce8 36. Rf2 Qe6 37. Bd4 Rxf2 38. Kxf2 Ne2 39. Nc7 Bxd4+
40. cxd4 Qe3+ 0-1

[Event "Düsseldorfer SK 1 - SK Münster 1"]
[Site "Oberliga NRW 2015/2016"]
[Date "2016.03.06"]
[Round "7.4"]
[White "Schuh, Dirk"]
[Black "Chilla, Jan Eric"]
[Result "1-0"]
[WhiteElo "2327"]
[BlackElo "2224"]
[PlyCount "65"]
[EventDate "2016.??.??"]
[WhiteTeam "Düsseldorfer SK 1"]
[BlackTeam "SK Münster 1"]

1. Nf3 Nf6 2. g3 d5 3. Bg2 e6 4. O-O Be7 5. c4 dxc4 6. Qa4+ Nbd7 7. Qxc4 a6 8.
Qc2 c5 9. d4 O-O 10. Rd1 cxd4 11. Nxd4 Bc5 12. Nc3 Qe7 13. a3 Rd8 14. b4 Ba7
15. Nb3 Nf8 16. Bb2 Rxd1+ 17. Nxd1 e5 18. Na5 Ne6 19. Bxe5 Bd4 20. Bxd4 Nxd4
21. Qb2 Nxe2+ 22. Kf1 Bg4 23. Ne3 Rd8 24. Re1 Bh5 25. h3 Nd4 26. Nxb7 Rd7 27.
g4 Bg6 28. Nf5 Nxf5 29. gxf5 Qf8 30. fxg6 Qb8 31. Qe5 Qa8 32. gxf7+ Kxf7 33.
Nd6+ 1-0

[Event "Düsseldorfer SK 1 - SK Münster 1"]
[Site "Oberliga NRW 2015/2016"]
[Date "2016.03.06"]
[Round "7.5"]
[White "Kamp, Christoph"]
[Black "Balster, Stefan"]
[Result "1/2-1/2"]
[WhiteElo "2172"]
[BlackElo "2241"]
[PlyCount "92"]
[EventDate "2016.??.??"]
[WhiteTeam "SK Münster 1"]
[BlackTeam "Düsseldorfer SK 1"]

1. c4 e6 2. Nc3 d5 3. d4 Nf6 4. Bg5 c6 5. e3 Nbd7 6. cxd5 exd5 7. Bd3 Be7 8.
Nge2 O-O 9. Qc2 Re8 10. O-O-O Nf8 11. h3 b5 12. Kb1 N6d7 13. Bxe7 Rxe7 14. e4
Nb6 15. exd5 Nxd5 16. Nxd5 cxd5 17. Nf4 Rb8 18. Qb3 Be6 19. Rhe1 Qd6 20. Nh5 a6
21. Rc1 Rc7 22. Rxc7 Qxc7 23. Ng3 Qf4 24. Qc2 Rc8 25. Qe2 Qxd4 26. Rd1 Qf4 27.
Nh5 Qc7 28. Qe3 f6 29. Qg3 Qxg3 30. Nxg3 Nd7 31. Ne2 Ne5 32. Bc2 Rd8 33. Nd4
Bf7 34. f4 Nc4 35. Re1 Rd7 36. b3 Nd6 37. Nc6 Ne4 38. Nd4 Nc5 39. Bf5 Bg6 40.
Bxg6 hxg6 41. Re8+ Kf7 42. Ra8 Re7 43. b4 Nd3 44. a3 Nxf4 45. Rxa6 Nxg2 46.
Nxb5 Rd7 1/2-1/2

[Event "Düsseldorfer SK 1 - SK Münster 1"]
[Site "Oberliga NRW 2015/2016"]
[Date "2016.03.06"]
[Round "7.6"]
[White "Koch, Wolfgang Max"]
[Black "Molinaroli, Martin"]
[Result "1/2-1/2"]
[WhiteElo "2224"]
[BlackElo "2247"]
[PlyCount "77"]
[EventDate "2016.??.??"]
[WhiteTeam "Düsseldorfer SK 1"]
[BlackTeam "SK Münster 1"]

1. d4 g6 2. c4 Bg7 3. e4 c5 4. d5 d6 5. Bd3 b5 6. cxb5 a6 7. a4 axb5 8. Bxb5+
Bd7 9. Na3 Nf6 10. Qe2 O-O 11. Nf3 Na6 12. O-O Nb4 13. Bd2 Qb6 14. Bc3 Qb7 15.
Nd2 Rfb8 16. Ndc4 Bxb5 17. Nxb5 Ne8 18. Bxb4 cxb4 19. Qd3 Qa6 20. Nd4 Bxd4 21.
Qxd4 b3 22. Nd2 Nf6 23. Rfe1 Qa5 24. f3 Nd7 25. Rec1 Rb4 26. Qc3 Qb6+ 27. Kh1
Ne5 28. h3 g5 29. a5 Rxa5 30. Rxa5 Qxa5 31. Nxb3 Qb6 32. Nd2 Rxb2 33. Nc4 Nxc4
34. Qxc4 Rb1 35. Rxb1 Qxb1+ 36. Kh2 Qb2 37. Qc8+ Kg7 38. Qf5 h6 39. Kh1 1/2-1/2

[Event "Düsseldorfer SK 1 - SK Münster 1"]
[Site "Oberliga NRW 2015/2016"]
[Date "2016.03.06"]
[Round "7.7"]
[White "Rott, Georg"]
[Black "Duijker, Rick"]
[Result "0-1"]
[WhiteElo "2108"]
[BlackElo "2269"]
[PlyCount "64"]
[EventDate "2016.??.??"]
[WhiteTeam "SK Münster 1"]
[BlackTeam "Düsseldorfer SK 1"]

1. e4 e6 2. d4 d5 3. Nd2 a5 4. c3 Nf6 5. e5 Nfd7 6. Bd3 c5 7. Ne2 Nc6 8. f4 a4
9. Nf3 a3 10. bxa3 cxd4 11. cxd4 Bxa3 12. O-O Nb4 13. Bb1 Qa5 14. f5 exf5 15.
Bxf5 g6 16. e6 gxf5 17. exf7+ Kxf7 18. Ng5+ Ke7 19. Rxf5 Rf8 20. Ng3 Nf6 21.
Re5+ Kd8 22. N5e4 Qa4 23. Qxa4 Rxa4 24. Nc5 Ra5 25. Bh6 Bb2 26. Rd1 Rf7 27. Bg5
Rxc5 28. a3 Nc6 29. Re2 Bxd4+ 30. Rxd4 Nxd4 31. Rf2 Ke7 32. h3 Rc2 0-1

[Event "Düsseldorfer SK 1 - SK Münster 1"]
[Site "Oberliga NRW 2015/2016"]
[Date "2016.03.06"]
[Round "7.8"]
[White "Krause, Thomas"]
[Black "Neuer, Thomas"]
[Result "1/2-1/2"]
[WhiteElo "2112"]
[BlackElo "2060"]
[Annotator "Hausrath,Daniel"]
[PlyCount "75"]
[EventDate "2016.??.??"]
[WhiteTeam "Düsseldorfer SK 1"]
[BlackTeam "SK Münster 1"]

1. d4 e6 2. c4 Bb4+ 3. Bd2 Qe7 4. Nf3 Nc6 5. Nc3 Nf6 6. g3 Bxc3 7. Bxc3 Ne4 8.
Rc1 O-O 9. Bg2 d6 10. O-O Nxc3 11. Rxc3 e5 12. d5 Nb8 13. b4 Nd7 14. Qa4 f5 15.
Rfc1 Nf6 16. Nd2 Bd7 17. Qa3 Qf7 18. Qb3 a5 19. bxa5 Rxa5 20. Qxb7 Rxa2 21.
R3c2 Rxc2 22. Rxc2 Bc8 23. Qa7 c5 $11 24. Qb6 Ne8 25. Ra2 Qc7 26. Rb2 Rf7 27.
Qxc7 Rxc7 28. Rb8 Kf7 29. f4 exf4 30. gxf4 Nf6 31. Bh3 Bd7 32. Kf2 Ra7 33. Ke3
Ra3+ 34. Rb3 Ra1 35. Rb1 Ra3+ 36. Rb3 Ra1 37. Rb1 Ra3+ 38. Rb3 1/2-1/2

[Event "Oberhausener SV 1 - DJK Aufwärts Aachen"]
[Site "Oberliga NRW 2015/2016"]
[Date "2016.03.06"]
[Round "7.2"]
[White "Becker, Marcel"]
[Black "Skulener, Wladimir"]
[Result "0-1"]
[WhiteElo "2297"]
[BlackElo "2299"]
[Annotator "Hausrath,Daniel"]
[PlyCount "44"]
[EventDate "2016.??.??"]
[WhiteTeam "Oberhausener SV 1"]
[BlackTeam "DJK Aufwärts Aachen 2"]

1. d4 Nf6 2. c4 e6 3. Nc3 d5 4. cxd5 exd5 5. Bg5 Bb4 6. e3 h6 7. Bh4 g5 8. Bg3
Ne4 $11 9. Qc2 Nxg3 10. hxg3 c6 11. Bd3 Be6 12. Nf3 Nd7 13. O-O-O Qf6 14. Kb1
O-O-O 15. Nb5 Kb8 16. Nxa7 Ba5 $11 17. Nxc6+ bxc6 18. Qxc6 Bg4 19. Qxd5 Qb6 20.
Be4 Ka7 21. Qxf7 Be6 22. Qe7 Bb4 0-1

[Event "Oberhausener SV 1 - DJK Aufwärts Aachen"]
[Site "Oberliga NRW 2015/2016"]
[Date "2016.03.06"]
[Round "7.3"]
[White "Buscher, Michael"]
[Black "Kaufeld, Juergen"]
[Result "1-0"]
[WhiteElo "2373"]
[BlackElo "2207"]
[PlyCount "69"]
[EventDate "2016.??.??"]
[WhiteTeam "DJK Aufwärts Aachen 2"]
[BlackTeam "Oberhausener SV 1"]

1. e4 c5 2. Nf3 e6 3. c3 Nf6 4. e5 Nd5 5. d4 cxd4 6. cxd4 b6 7. Nc3 Nxc3 8.
bxc3 Qc7 9. Bd2 Bb7 10. Bd3 d6 11. O-O Nd7 12. Ng5 dxe5 13. Qh5 g6 14. Qh3 Be7
15. f4 exd4 16. cxd4 Qd6 17. Kh1 Bxg5 18. fxg5 Qxd4 19. Rad1 O-O 20. Bb1 Rac8
21. Bc1 Rxc1 22. Rxc1 Nc5 23. Qg3 Bd5 24. Rcd1 Qa4 25. Rd2 Qb5 26. Qf2 Be4 27.
Rb2 Qc4 28. Rd1 Bxb1 29. Rbxb1 Qg4 30. Qe3 Re8 31. Rd4 Qf5 32. Re1 Qc2 33. Rd2
Qf5 34. h3 Kg7 35. g4 1-0

[Event "Oberhausener SV 1 - DJK Aufwärts Aachen"]
[Site "Oberliga NRW 2015/2016"]
[Date "2016.03.06"]
[Round "7.4"]
[White "Litwak, Aleksej"]
[Black "Marcziter, Dmitrii"]
[Result "1/2-1/2"]
[WhiteElo "2270"]
[BlackElo "2226"]
[Annotator "Hausrath,Daniel"]
[PlyCount "124"]
[EventDate "2016.??.??"]
[WhiteTeam "Oberhausener SV 1"]
[BlackTeam "DJK Aufwärts Aachen 2"]

1. e4 c5 2. Nf3 e6 3. d4 cxd4 4. Nxd4 a6 5. Bd3 Nf6 6. O-O Qc7 7. c4 d6 8. Nc3
g6 9. Qe2 Bg7 10. Nf3 Nbd7 11. Rd1 O-O 12. Bf4 Ne5 13. Nxe5 dxe5 14. Be3 Bd7
15. b4 Nh5 16. Bc5 Rfc8 17. Bc2 Bf8 18. Bxf8 Rxf8 19. c5 b6 20. Ba4 b5 21. Bb3
Bc6 22. g3 Rad8 23. a4 Qb7 24. axb5 axb5 25. Qe3 Ng7 26. Rd6 Ra8 27. Ra2 Kh8
28. Rxa8 Qxa8 29. Bc2 Qe8 30. Bd3 f5 31. Qe2 f4 32. f3 fxg3 33. hxg3 Nh5 34.
Kg2 Qe7 35. Qe3 Be8 36. Ne2 g5 37. Bc2 Qf6 38. Rd1 Rg8 39. Qc3 Rf8 $11 40. Bb3
Bg6 41. Qe3 Rg8 42. c6 Nf4+ 43. Kf2 Nh3+ 44. Ke1 g4 45. fxg4 Ng5 46. c7 Bxe4
47. Rd7 Rc8 48. Qb6 Nf3+ 49. Kd1 Qh6 50. Rd8+ Kg7 51. Rd7+ Kh8 52. Ng1 Nxg1 53.
Qxg1 Bf3+ 54. Kc2 Be4+ 55. Kb2 Qf6 56. Qd1 Bd5 57. Bxd5 exd5 58. Qxd5 Qf2+ 59.
Qd2 Qxd2+ 60. Rxd2 Rxc7 61. Rd5 Rc4 62. Rxb5 Rxg4 1/2-1/2